000 00543nam a22001937a 4500
003 KOHA_MİRAKIL
005 20251006092809.0
008 251006b tu ||||| |||| 00| 0 tur d
020 _a9786055794064
040 _aTR-AnABB
_btur
_cTR-AnABB
041 _atur
082 _a818.4208
_bAZI 2011
100 _aAziz Nesin,
_d1915-1995
245 1 0 _aTürkiye şarkısı Nâzım /
_cAziz Nesin
260 _aİstanbul :
_bNesin Yayınevi,
_c2011
300 _a416 sayfa ;
_c20 cm
650 0 4 _aTürk edebiyatı, roman
942 _2ddc
_cBK
999 _c9091
_d9091
900 _bGizem YORULMAZ